000
00336nam a2200145Ia 4500
005
20250324133303.0
008
240331s9999 xx 000 0 und d
082
_b
KAV
_a
894
100
_a
Kavitha,
245
0
_a
Yuhankgal kanakkalla
260
_a
Madras
_b
Tamizhiyal
_c
1986
300
_a
194 p .,
650
_a
Short Stories
942
_c
L
999
_c
4003
_d
4003